[Event "ROM-ch U08"]
[Site "Baile Felix"]
[Date "2017.02.04"]
[Round "3"]
[White "Mihaescu Duta, Tudor Mihai"]
[Black "Celmare, Radu Constantin"]
[Result "0-1"]
[WhiteElo "1001"]
[BlackElo "1075"]
[PlyCount "20"]
[EventDate "2017.02.02"]
[EventType "swiss"]
[EventRounds "9"]
[EventCountry "ROU"]
[SourceTitle "CBM 176 Extra"]
[Source "ChessBase"]
[SourceDate "2017.03.02"]
[SourceVersion "1"]
[SourceVersionDate "2017.03.02"]
[SourceQuality "1"]

1. e4 c5 2. Nf3 e6 3. d4 Nc6 4. Nc3 Qc7 5. Bd3 Nb4 6. Bf1 Be7 7. Be2 Bf6 8. 0-0 Ne7 9. a3 Nbc6 10. g3 0-0 0-1